000 00469nam a22001697a 4500
003 CEME
005 20210628201926.0
008 210129b xxu||||| |||| 00| 0 eng d
040 _c.
082 _a297.122 QUR
100 _aThanvi, Muhammad Ashraf Ali. Moulana
_957453
245 _aAl quran-ul-hakim alongwith terjama-o-tafseer
260 _aLAHORE
_bTAJ COMPANY
_c2004
300 _a313P
650 _aISLAM-QURAN WITH TERJAMA-O-TAFSEER
_957454
942 _cBK
_2ddc
999 _c567732
_d567732